Tratado práctico sobre organización sindical y conflictos colectivos del trabajo

Uloženo v:
Podrobná bibliografie
Médium: Kniha
Jazyk:španělština
Vydáno: Santiago Revista Técnica del Trabajo y Previsisón Social 1966
Témata:
Tagy: Přidat tag
Žádné tagy, Buďte první, kdo vytvoří štítek k tomuto záznamu!

MARC

LEADER 00000nam a2200000 a 4500
001 UCS2263
003 CL-VaPUC
008 970523e19660000CL |||||||||||||||||spa|d
082 0 4 |a 344.018  |b TRA  |2 21 
245 1 0 |a Tratado práctico sobre organización sindical y conflictos colectivos del trabajo 
300 |a 313 p 
942 |c BK 
945 |d 19970523 00:00:00  |a cmena 
260 |a Santiago  |b Revista Técnica del Trabajo y Previsisón Social  |c 1966 
650 7 |a DERECHO LABORAL  |2 CL-VaPUC  |9 15 
650 0 |a Sindicatos  |9 255034 
650 0 |a Negociación colectiva  |9 312433 
650 0 |a Personalidad jurídica   |9 315329 
650 0 |a Jurisprudencia administrativa   |9 384120 
650 0 |a Código del trabajo  |9 255479 
651 7 |a CHILE  |2 CL-VaPUC  |9 387499 
583 |a last modification  |c 20170712 12:06:44  |k Rodrigo Vera 
999 |c 260238  |d 260236 
952 |0 0  |1 0  |4 0  |6 344_018000000000000_TRA_1966  |7 0  |8 A  |9 286168  |a BIBDER  |b BIBDER  |d 2019-11-19  |i 1858653  |o 344.018 TRA 1966  |p 1858653  |r 2023-01-25  |w 2019-11-19  |y BK  |k DER